Largest settlements in North Yorkshire - Statistics

General Stats
  • This quiz has been taken 28 times
  • The average score is 8 of 20
Answer Stats
Hint Answer % Correct
2 York
95%
3 Harrogate
90%
1 Middlesbrough
81%
4 Scarborough
81%
11 Ripon
57%
16 Whitby
57%
12 Knaresborough
52%
13 Skipton
48%
15 Northallerton
43%
5 Redcar
43%
9 Selby
38%
20 Richmond
33%
10 Guisborough
24%
6 Eston
14%
18 Haxby
10%
7 Ingleby Barwick
10%
14 Catterick Garrison
5%
17 Huntington
5%
8 Thornaby-on-Tees
0%
19 Yarm-on-Tees
0%
No matching quizzes found
Score Distribution
Percent of People with Each Score
Percentile by Number Answered
Your Score History
You have not taken this quiz